000 00926nam a22002897a 4500
003 CHAP
005 20220329135439.0
008 971013s1984 r 00010 d
010 _a36654
011 _a37626
035 _a41746
040 _cCHAP
082 _a631.455
_bM45
110 _aMéxico. Dirección General de Conservación del Suelo y Agua
_976965
245 _aInventario de áreas erosiandas estado de Colima
260 _aMéxico, D.F. :
_bLa Dirección,
_c(1984?)
300 _a71 p.
_b; mapas ; gráfs
590 _aBATCH-UPD
_b10
_c20130110
_lUCH01
_h2219
590 _aBATCH-UPD
_b10
_c20130410
_lUCH01
_h1518
590 _aBATCH-UPD
_b10
_c20130914
_lUCH01
_h1316
590 _aCONVERSION
_b10
_c20130109
_lUCH01
_h1320
650 1 4 _aErosión.
_937335
650 1 4 _aSuelos
_xColima.
_9110275
901 _aBK
942 _cLIBRO
949 _a631.455 M45
_bBC
_cLIBRO
_d33724000075685
_eLIBRO
_h64808
_i41746
_mD
_si
999 _c36654
_d36654